Le droit des neutres sur mer
Furkejuvvon:
| Váldodahkki: | |
|---|---|
| Materiálatiipa: | Girji |
| Giella: | fránskkagiella |
| Almmustuhtton: |
Berlín
Stilke et Van Muyden
1865
|
| Preanttus: | 1a. ed |
| Ráidu: | Bibliotheque Diplomatique
|
| Fáttát: | |
| Fáddágilkorat: |
Lasit fáddágilkoriid
Eai fáddágilkorat, Lasit vuosttaš fáddágilkora!
|
MARC
| LEADER | 00000cam a2200000 a 4500 | ||
|---|---|---|---|
| 001 | UCD3302 | ||
| 003 | CL-VaPUC | ||
| 008 | 160603e18650000gw |||||||||||||||||fre|d | ||
| 082 | 0 | 4 | |a 341.64 |b GES |2 21 |
| 100 | 0 | |a Gessner, L |e author |9 586713 | |
| 245 | 1 | 3 | |a Le droit des neutres sur mer |
| 250 | |a 1a. ed | ||
| 300 | |a 437 p | ||
| 942 | |c BK | ||
| 945 | |d 20160603 11:42:00 |a dcastane | ||
| 260 | |a Berlín |b Stilke et Van Muyden |c 1865 | ||
| 650 | 0 | |a Derecho internacional |9 255637 | |
| 650 | 7 | |a PAISES NEUTRALES |2 CL-VaPUC |9 586714 | |
| 583 | |a last modification |c 20160603 11:42:00 |k Rodrigo Vera | ||
| 490 | 0 | |a Bibliotheque Diplomatique | |
| 999 | |c 364338 |d 364336 | ||
| 952 | |0 0 |1 0 |3 erd |4 0 |6 341_640000000000000_GES_1865 |7 0 |8 X |9 477397 |a BIBTEO |b BIBTEO |c TEO_FFR |i 5233399 |o 341.64 GES 1865 |p 5233399 |r 2024-01-18 |w 2019-11-24 |y BK_X |z Catalogado en:20160603 |k OFM | ||